| 000 | 00855cam a2200253 a 4500 | ||
|---|---|---|---|
| 001 | 15447637 | ||
| 005 | 20131111143623.0 | ||
| 008 | 080911s2010 njuab 001 0 eng | ||
| 020 | _a9780135000687 | ||
| 020 | _a0135000688 | ||
| 040 |
_aDLC _cDLC _dYDX _dYDXCP _dDLC |
||
| 082 | 0 | 0 |
_a624 _222 _bMAD |
| 100 | 1 |
_aMadsen, David A. _934445 |
|
| 245 | 1 | 0 |
_aCivil drafting technology / _cDavid A. Madsen, Terence M. Shumaker, David P. Madsen. |
| 250 | _a7th ed. | ||
| 260 |
_aUpper Saddle River, N.J. : _bPrentice Hall, _cc2010. |
||
| 300 |
_axii, 433 p. : _bill., maps ; _c28 cm. |
||
| 500 | _aIncludes index. | ||
| 650 | 0 |
_aMechanical drawing. _934446 |
|
| 700 | 1 |
_aShumaker, Terence M. _934447 |
|
| 700 | 1 |
_aMadsen, David P. _99052 |
|
| 856 | 4 | 1 |
_3Table of contents only _uhttp://www.loc.gov/catdir/toc/ecip0828/2008040151.html |
| 942 |
_2ddc _cBB _k624 MAD |
||
| 999 |
_c17754 _d17726 |
||